The Women Who Change Architecture (Record no. 359223)

MARC details
000 -LEADER
fixed length control field 00439 a2200157 4500
005 - DATE AND TIME OF LATEST TRANSACTION
control field 20240731103856.0
008 - FIXED-LENGTH DATA ELEMENTS--GENERAL INFORMATION
fixed length control field 240731b |||||||| |||| 00| 0 eng d
020 ## - INTERNATIONAL STANDARD BOOK NUMBER
International Standard Book Number 9781616898717
082 ## - DEWEY DECIMAL CLASSIFICATION NUMBER
Classification number 720.95/HAR
100 ## - MAIN ENTRY--PERSONAL NAME
Author Hartman C Ed
245 ## - TITLE STATEMENT
Title The Women Who Change Architecture
260 ## - PUBLICATION, DISTRIBUTION, ETC.
Name of publisher, distributor, etc. Princeton Architectural Press
Date of publication, distribution, etc. 2022
Place of publication, distribution, etc. New York
300 ## - PHYSICAL DESCRIPTION
Extent 336p
Other physical details HB
500 ## - GENERAL NOTE
Keywords Groundbreakers<br/>Paving New paths
942 ## - ADDED ENTRY ELEMENTS (KOHA)
Koha item type Books
Holdings
Withdrawn status Lost status Source of classification or shelving scheme Damaged status Not for loan Collection code Home library Current library Date acquired Vendor Net Price Full call number Barcode Date last seen Actual Price Bill Date Koha item type
    Dewey Decimal Classification     Book of B Arch Dr. Bhanuben Nanavati College of Architecture Dr. Bhanuben Nanavati College of Architecture 31/07/2024 169 2731.05 720.95/HAR BNCA-BK-12762 31/07/2024 4335.00 31/07/2024 Reference book